000 01745cam a2200349 4500
008 041116n2004 000 0 eng u
020 _a1904388329
035 _a(Sirsi) u127979
041 _aeng
050 _a333.3374212
_c18
100 _aDixon, Tim
245 4 _aThe impact of ebusiness on the City of London office market
_b2003 survey - research report
260 _aReading
_bCollege of Estate Management
_c2004
300 _aiv, 40p.
_c30cm.
350 _a45
490 _aCollege of Estate Management Research Report
520 _aPresents the findings from a major survey of City of London occupiers conducted in late 2003 by the College of Estate Management. The aim of the research was to build on the 2002 survey (ISBN 1899769994) and examine how ebusiness was driving process change amongst City office occupiers. Looks at how ebusiness may affect locational and office space requirements in future, and considers the implications of increased homeworking. View at www.cem.ac.uk.
650 _aPROPERTY-COMMERCIAL PROPERTY-OFFICE PROPERTY-OFFICE PROPERTY MARKET
650 _aHOMEWORKING
650 _aOFFICE SUPPLY
650 _aEBUSINESS
650 _aCITY OF LONDON
650 _aMANAGEMENT-BUSINESS MANAGEMENT-INFORMATION MANAGEMENT
690 _aPROPERTY-COMMERCIAL PROPERTY-COMMERCIAL PROPERTY MARKET
700 _aMarston, Andrew
710 _aCollege of Estate Management
_9400
710 _aBritish Council for Offices
_93992
710 _aRoyal Institution of Chartered Surveyors
_bEducation Trust
_947
710 _aHarold Samuel Trust
_94666
856 _uhttps://www.cem.ac.uk/research/reports_2004.asp
_zView the research report on the College of Estate Management website...
942 _n0
999 _c103845
_d103845